000 00495nam a2200193 a 4500
001 1773825712290
003 YourLibrary
005 20260318145347.0
008 260318s2000##################000#0#eng##
020 _a9780195126709
082 0 4 _a362.1042
_bCOH
100 1 _aCohen, Sheldon,
_eauthor.
245 1 0 _aSocial Support Measurement and Intervention :
260 _c2000.
300 _a358 pages
650 0 _aMedical.
942 _cENGLISH
040 _aYourLibrary
_beng
_cYourLibrary
999 _c617878
_d617878